| 000 | 00783nam a2200253Ia 4500 | ||
|---|---|---|---|
| 003 | OSt | ||
| 005 | 20220630112234.0 | ||
| 008 | 210716s2009 xx 000 0 und d | ||
| 020 | _a9788122426076 | ||
| 040 | _cAIMIT LIBRARY | ||
| 041 | _aeng | ||
| 082 |
_a511.8 _22 _bACHD |
||
| 100 |
_aAcharjya, D P. _946222 |
||
| 245 |
_aFundamental approach to discrete mathematics / _cBy D P Acharjya and Sreekumar. |
||
| 250 | _a2nd ed. | ||
| 260 |
_aNew Delhi : _bNew Age International Pvt Ltd , _c2009. |
||
| 300 |
_axx,386p. ; _c24 cm. |
||
| 650 |
_aMathematical logic _946223 |
||
| 650 |
_aGenerating function and recurrence relation _946224 |
||
| 650 |
_aCombinatorics _946225 |
||
| 650 |
_aGraph theory _946226 |
||
| 700 |
_aSreekumar _946227 |
||
| 942 |
_2ddc _cBK _e2nd _k511.8 ACHD |
||
| 999 |
_c190974 _d190974 |
||